=LDR 00000nam 2200000 4500 =001 NUTBA000000000000215 =990 ##$$a 21302915 =005 20210215091605 =990 ##$$a 21302918 =035 ##$$a 0010-031400000000214 =990 ##$$a 21302916 =008 210215################g##########0#ind## =990 ##$$a 21302914 =020 ##$$a 978-602-9413-62-5 =990 ##$$a 21302917 =090 ##$$a 371.102.2 =990 ##$$a 21706940 =100 #$$a Wina Sanjaya =990 ##$$a 21706939 =245 1#$$a Media komunikasi pembelajaran /$c Prof.Dr. H. Wina Sanjaya,M.Pd =990 ##$$a 21706938 =250 ##$$a cet. 1 =990 ##$$a 21706937 =260 ##$$a Jakarta :$b prenada media grop,$c 2012 =990 ##$$a 21706936 =300 ##$$a xiv, 276 hlm ; $c 21x14 cm =850 ##$$a NBBPNMAT =082 ##$$a 371.102 2 =084 ##$$a 371.102 2 WIN m =650 #4$$a Pembelajaran =990 ##$$a 21302918 =990 ##$$a 21302916 =990 ##$$a 21302914 =990 ##$$a 21302917 =990 ##$$a 21302915 =990 ##$$a 21706940 =990 ##$$a 21706939 =990 ##$$a 21706938 =990 ##$$a 21706937 =990 ##$$a 21706936 =990 ##$$a 21302918 =990 ##$$a 21302916 =990 ##$$a 21302914 =990 ##$$a 21302917 =990 ##$$a 21302915 =990 ##$$a 21706940 =990 ##$$a 21706939 =990 ##$$a 21706938 =990 ##$$a 21706937 =990 ##$$a 21706936